Moment of injection of runaway electrons at the front of accelerating pulse in air-filled diode with inhomogeneous field: From instability to determinacy; Technical Physics Letters; Vol. 36, № 9

Dades bibliogràfiques
Parent link:Technical Physics Letters
Vol. 36, № 9.— 2010.— P. 830-833
Altres autors: Yalandin M. I., Reutova A. G., Sharypov K. A., Shpak V. G., Shunailov S. A., Mesyats G. A. Gennady Andreyevich
Sumari:В фонде НТБ ТПУ отсутствует
Idioma:anglès
Publicat: 2010
Matèries:
Format: MixedMaterials Capítol de llibre
KOHA link:https://koha.lib.tpu.ru/cgi-bin/koha/opac-detail.pl?biblionumber=596919

MARC

LEADER 00000naa0a2200000 4500
001 596919
005 20250127095336.0
035 |a (RuTPU)RU\TPU\tpu\19979 
090 |a 596919 
100 |a 20110909d2010 k||y0rusy50 ba 
101 0 |a eng 
102 |a RU 
200 1 |a Moment of injection of runaway electrons at the front of accelerating pulse in air-filled diode with inhomogeneous field: From instability to determinacy  |f M. I. Yalandin [et al.] 
320 |a References: p. 833 (15 tit.) 
333 |a В фонде НТБ ТПУ отсутствует 
461 |t Technical Physics Letters 
463 |t Vol. 36, № 9  |v P. 830-833  |d 2010 
610 1 |a труды учёных ТПУ 
701 1 |a Yalandin  |b M. I. 
701 1 |a Reutova  |b A. G. 
701 1 |a Sharypov  |b K. A. 
701 1 |a Shpak  |b V. G. 
701 1 |a Shunailov  |b S. A. 
701 1 |a Mesyats  |b G. A.  |c russian physicist  |c academican, vice-president of RAS  |c graduate of Tomsk Polytechnic Institute  |f 1936-  |g Gennady Andreyevich  |3 (RuTPU)RU\TPU\pers\28088  |4 070 
801 1 |a RU  |b 63413507  |c 20110909 
942 |c CR